Ecosistemas: conceptos fundamentales.

Prvá z troch kapitol práce "Dimenzia životného prostredia v projektoch poľnohospodárskeho rozvoja" o základných faktoroch, ktoré podporujú rozvoj životného prostredia pri plánovaní rozvoja poľnohospodárstva.

Na minha lista:
Detalhes bibliográficos
Autor principal: Brzovic, F.
Outros Autores: Lara, A., Leyton, J.
Formato: Capítulo de Livro
Idioma:espanhol
Assuntos:
Tags: Adicionar Tag
Sem tags, seja o primeiro a adicionar uma tag!

MARC

LEADER 00000naa a2200000 4500
001 r003680
005 20220818104505.5
041 0 |a spa 
044 |a MX 
245 1 0 |a Ecosistemas: conceptos fundamentales.  |c F. Brzovic, A. Lara, J. Leyton 
520 |a Prvá z troch kapitol práce "Dimenzia životného prostredia v projektoch poľnohospodárskeho rozvoja" o základných faktoroch, ktoré podporujú rozvoj životného prostredia pri plánovaní rozvoja poľnohospodárstva. 
610 2 0 |a prostredie životné 
610 2 0 |a poľnohospodárstvo 
610 2 0 |a plánovanie 
610 2 0 |a ekológia 
100 1 |a Brzovic, F. 
700 1 |a Lara, A. 
700 1 |a Leyton, J.